[Event "Sachsen-ch U14"]
[Site "Sebnitz"]
[Date "2013.04.03"]
[Round "3"]
[White "Schoene, Lucas"]
[Black "Buschmann, Johannes"]
[Result "1-0"]
[WhiteElo "1444"]
[BlackElo "1384"]
[PlyCount "97"]
[EventDate "2013.04.02"]
[EventType "swiss"]
[EventRounds "7"]
[EventCountry "GER"]
[SourceTitle "EXT 2014"]
[Source "ChessBase"]
[SourceDate "2013.11.20"]
[SourceVersion "1"]
[SourceVersionDate "2013.11.20"]
[SourceQuality "1"]

1. e4 c6 2. d4 d5 3. Nc3 dxe4 4. Nxe4 Bf5 5. Nc3 e6 6. Nf3 Bd6 7. Bd3 Bxd3 8. Qxd3 Nf6 9. Bg5 Nbd7 10. Ne4 Be7 11. Bxf6 Nxf6 12. 0-0 0-0 13. Nfg5 Nxe4 14. Nxe4 Qb6 15. b3 Rfd8 16. Rad1 h6 17. Qe3 Rd7 18. Rd2 Rad8 19. Rfd1 Qc7 20. c3 b6 21. b4 Bd6 22. Nxd6 Qxd6 23. f4 Qd5 24. Kf2 Rb8 25. Qe5 Rbd8 26. Qxd5 cxd5 27. Rd3 Rc7 28. Ke2 b5 29. Ra1 a6 30. a4 Rdd7 31. axb5 axb5 32. Ra5 Ra7 33. Rxb5 Ra2+ 34. Rd2 Rxd2+ 35. Kxd2 Kf8 36. Kc2 Ke7 37. Kb3 Kd6 38. Rc5 Ra7 39. Ra5 Rxa5 40. bxa5 Kc6 41. Kb4 Kb7 42. c4 dxc4 43. Kxc4 Ka6 44. Kb4 Kb7 45. Kb5 Kc7 46. Kc5 Kd7 47. Kb6 Kc8 48. Kc6 Kb8 49. Kd7 1-0

[Event "Sachsen-ch U10"]
[Site "Sebnitz"]
[Date "2009.04.15"]
[Round "3"]
[White "Scholz, Robert"]
[Black "Schoene, Lucas"]
[Result "1/2-1/2"]
[WhiteElo "1386"]
[BlackElo "1128"]
[PlyCount "20"]
[EventDate "2009.04.14"]
[EventType "swiss"]
[EventRounds "7"]
[EventCountry "GER"]
[SourceTitle "EXT 2010"]
[Source "ChessBase"]
[SourceDate "2010.11.25"]
[SourceVersion "1"]
[SourceVersionDate "2010.11.25"]
[SourceQuality "1"]

1. e4 c6 2. d4 d5 3. e5 e6 4. Nf3 Nd7 5. c3 Ne7 6. Bd3 g6 7. 0-0 Bg7 8. Ne1 Qc7 9. Bf4 f6 10. Qe2 f5 1/2-1/2

[Event "Sachsen-ch U10"]
[Site "Sebnitz"]
[Date "2009.04.14"]
[Round "1"]
[White "Essler, Willy"]
[Black "Schoene, Lucas"]
[Result "0-1"]
[WhiteElo "980"]
[BlackElo "1128"]
[PlyCount "120"]
[EventDate "2009.04.14"]
[EventType "swiss"]
[EventRounds "7"]
[EventCountry "GER"]
[SourceTitle "EXT 2010"]
[Source "ChessBase"]
[SourceDate "2010.11.25"]
[SourceVersion "1"]
[SourceVersionDate "2010.11.25"]
[SourceQuality "1"]

1. e4 e6 2. d4 d5 3. e5 c5 4. c3 Nc6 5. Nf3 Qb6 6. Bf4 Qxb2 7. Nbd2 cxd4 8. Nxd4 Nxd4 9. cxd4 Qxd4 10. Be3 Qxe5 11. Bd3 d4 12. Qa4+ Bd7 13. Qxd4 Qxd4 14. Bxd4 Bb4 15. Bxg7 Ne7 16. Bxh8 Bc6 17. f3 0-0-0 18. Ke2 Rxh8 19. Rab1 Ba5 20. Nc4 Bc7 21. Rhd1 Nd5 22. Kd2 Bf4+ 23. Kc2 Ba4+ 24. Rb3 Bxb3+ 25. Kxb3 Bxh2 26. Rc1 Kb8 27. Na5 Bf4 28. Rb1 Rc8 29. Ka4 Nc3+ 30. Kb3 Nxb1 31. Kb2 Nc3 32. Bxh7 b6 33. Nb3 Be5 34. Ka3 b5 35. Kb2 Nd1+ 36. Kb1 b4 37. Bd3 Bb2 38. a4 Nc3+ 39. Kxb2 Nxa4+ 40. Ka2 Rd8 41. Bb1 Rd1 42. Be4 Nc3+ 43. Kb2 Nxe4 44. fxe4 Kc7 45. Na5 Kb6 46. Nc4+ Ka6 47. Ne5 f6 48. Ng4 Rd2+ 49. Kb3 Rxg2 50. Nxf6 Kb5 51. Nd7 Rg3+ 52. Kb2 a5 53. Ne5 a4 54. Kb1 a3 55. Ka2 Ka4 56. Kb1 Rg2 57. Nd3 Kb3 58. Kc1 a2 59. Nf2 Rxf2 60. Kd1 a1R# 0-1

[Event "Sachsen-ch U08"]
[Site "Sebnitz"]
[Date "2007.04.13"]
[Round "6"]
[White "Schoene, Lucas"]
[Black "Walczak, Charley"]
[Result "1-0"]
[WhiteElo "785"]
[BlackElo "770"]
[PlyCount "39"]
[EventDate "2007.04.10"]
[EventType "swiss"]
[EventRounds "7"]
[EventCountry "GER"]
[SourceTitle "EXT 2008"]
[Source "ChessBase"]
[SourceDate "2007.11.25"]
[SourceVersion "1"]
[SourceVersionDate "2007.11.25"]
[SourceQuality "1"]

1. e4 e5 2. Nf3 Nc6 3. Bc4 Bc5 4. Nc3 d6 5. d3 Nf6 6. Bg5 h6 7. Bh4 Bg4 8. h3 Bd7 9. Nd5 Qc8 10. Nxf6+ gxf6 11. Bxf6 Rg8 12. g3 a6 13. a3 Ba7 14. Nh4 b5 15. Ba2 Qb7 16. Qh5 Rg6 17. Nxg6 Qb6 18. Rf1 Bxh3 19. Nf4 Bxf1 20. Qxf7# 1-0